Statistics for NBA Defensive Players of the Year

Click here to take the quiz!

General Stats

  • This quiz has been taken 77,378 times
    (6,979 since last reset)
  • The average score is 15 of 23

Answer Stats

YearsPlayer% Correct
2020Giannis Antetokounmpo
94%
2017Draymond Green
91%
2015, 2016Kawhi Leonard
87%
2018, 2019Rudy Gobert
86%
1988Michael Jordan
85%
1993, 1994Hakeem Olajuwon
84%
2009, 2010, 2011Dwight Howard
83%
2008Kevin Garnett
82%
2013Marc Gasol
81%
2002, 2003, 2005, 2006Ben Wallace
78%
1992David Robinson
75%
2014Joakim Noah
74%
1990, 1991Dennis Rodman
69%
1995, 1997, 1998, 2001Dikembe Mutombo
69%
1996Gary Payton
69%
1999, 2000Alonzo Mourning
62%
2012Tyson Chandler
45%
2004Ron Artest
42%
1985, 1989Mark Eaton
33%
1983, 1984Sidney Moncrief
31%
2007Marcus Camby
29%
1986Alvin Robertson
27%
1987Michael Cooper
25%

Score Distribution

Percentile by Number Answered

Percent of People with Each Score

Your Score History

You have not taken this quiz since the last reset